000 00448nam a22001697a 4500
005 20230706130742.0
008 230706b |||||||| |||| 00| 0 eng d
082 _a657.046
_bSOH-A
100 _aSohail;Afzal
245 _aAdvanced Accounting : B.Com-II
_bMuhammad Arif , Sohail;Afzal
260 _aPakistan
_bAzeem Academy
300 _a745
500 _aIndex Given
650 _aAccounting/Management
700 _aSohail Afzal
999 _c18873
_d18873